| Record ID | ia:nightechoes00lisl |
| Source | Internet Archive |
| Download MARC XML | https://archive.org/download/nightechoes00lisl/nightechoes00lisl_marc.xml |
| Download MARC binary | https://www.archive.org/download/nightechoes00lisl/nightechoes00lisl_meta.mrc |
LEADER: 00969cam 2200301Ia 4500
001 ocm86109686
003 OCoLC
005 20100416130951.0
008 070322s2007 nyu 000 1 eng d
040 $aOCO$cOCO$dBAKER$dWIQ$dBTCTA$dUPZ$dAU@$dCNVPL$dCQU
020 $a9780451220943 (pbk.) :$c$6.99
020 $a0451220943 (pbk.) :$c$6.99
035 $a(OCoLC)86109686
050 14 $aPS3562.I775*
082 04 $a813.6$222
100 1 $aLisle, Holly.
245 10 $aNight echoes /$cHolly Lisle
260 $aNew York :$bNew American Library,$c2007.
300 $a306 p. ;$c18cm.
440 0 $aSignet Eclipse romantic suspense
500 $a"A Signet eclipse book"-t.p.
650 0 $aHaunted houses$vFiction.
938 $aBaker and Taylor$bBTCP$nBK0006928126
938 $aBaker & Taylor$bBKTY$c6.99$d5.59$i0451220943$n0006928126$sactive
029 1 $aAU@$b000041505644
029 1 $aNZ1$b12636925
994 $aZ0$bPMR
948 $hNO HOLDINGS IN PMR - 408 OTHER HOLDINGS